Focus East Midlands (Record no. 82181)

MARC details
000 -LEADER
fixed length control field 01026cab a22002295a 4500
001 - CONTROL NUMBER
control field L149484
008 - FIXED-LENGTH DATA ELEMENTS--GENERAL INFORMATION
fixed length control field 100308e20100306xxk 000 0 eng d
035 ## - SYSTEM CONTROL NUMBER
System control number (Sirsi) u149484
041 0# - LANGUAGE CODE
Language code of text/sound track or separate title eng
100 1# - MAIN ENTRY--PERSONAL NAME
Personal name Pilkington, Lisa
245 00 - TITLE STATEMENT
Title Focus East Midlands
260 ## - PUBLICATION, DISTRIBUTION, ETC.
Date of publication, distribution, etc. 2010
490 ## - SERIES STATEMENT
Series statement Estates Gazette
Volume/sequential designation (1009) 6 March 2010, 111-133(17)
520 ## - SUMMARY, ETC.
Summary, etc. Waheed Nazir, Birmingham City Council Director of Regeneration outlines Birmingham's Big City Plan. Reviews current regeneration projects in Birmingham, Coventry and the Black Country and the role of urban regeneration companies. Property firms are using social media such as Facebook and Twitter to boost business from promoting schemes to attracting staff. Assesses how the property market in West Midlands is bearing up post recesssion in 2010.
590 ## - LOCAL NOTE (RLIN)
Local note KA
651 #4 - SUBJECT ADDED ENTRY--GEOGRAPHIC NAME
Geographic name England
Chronological subdivision 886-
690 ## - LOCAL SUBJECT ADDED ENTRY--TOPICAL TERM (OCLC, RLIN)
Topical term or geographic name as entry element PROPERTY-COMMERCIAL PROPERTY-COMMERCIAL PROPERTY MARKET
700 1# - ADDED ENTRY--PERSONAL NAME
Personal name Thame, David
700 1# - ADDED ENTRY--PERSONAL NAME
Personal name Parr, Lauren
700 1# - ADDED ENTRY--PERSONAL NAME
Personal name Jacobs, Kurt
942 ## - ADDED ENTRY ELEMENTS (KOHA)
Suppress in OPAC 0
Holdings
Withdrawn status Lost status Source of classification or shelving scheme Damaged status Not for loan Home library Current library Shelving location Date acquired Total Checkouts Full call number Barcode Date last seen Copy number Price effective from Koha item type
    Dewey Decimal Classification     London London Journal article 09/03/2010   L149484 149484-1001 06/08/2019 1 06/08/2019 Journal article